Interní grantová agentura VŠFS ... sborník výsledků výzkumu

Korporativní autor: Vysoká škola finanční a správní
Jazyk: Čeština
Angličtina
Vydáno: Praha : Vysoká škola finanční a správní, 2010-
Témata:
Fyzický popis: ^^^CD-ROM : barev. ; 12 cm
Odebírané ročníky: 2010-
Language note: Část. anglický text
Noviny a časopisy
Uloženo v:
LEADER 02492nas a2200673 a 4500
001 001303263
003 CZ BrMZK
005 20130618082948.0
008 120606c20109999xr ar ps 000 0 cze
015 |a cnb002372066 
020 |a 978-80-7408-065-4 
040 |a BOA001  |b cze 
041 0 |a cze  |a eng 
043 |a e-xr---  |b e-xr-pg  |2 czenas 
045 |a y1y1 
072 7 |a 00  |x Věda. Všeobecnosti. Základy vědy a kultury. Vědecká práce  |2 Konspekt  |9 12 
080 |a 001.89  |2 MRF 
080 |a 001.81/.87  |2 MRF 
080 |a 378  |2 MRF 
080 |a 33  |2 MRF 
080 |a (437.311)  |2 MRF 
080 |a (047.31)  |2 MRF 
080 |a (062.552)  |2 MRF 
080 |a (0.034.44)  |2 MRF 
245 0 0 |a Interní grantová agentura VŠFS ...  |h [elektronický zdroj] :  |b sborník výsledků výzkumu 
260 |a Praha :  |b Vysoká škola finanční a správní,  |c 2010- 
300 |a ^^^CD-ROM :  |c 12 cm  |b barev. ; 
310 |a 1x ročně 
500 |a Název z disku; označení vyd. z tiráže 
500 |a Vydáno v edici (nakl.) Eupress, č. 166 
538 |a Požadavky na systém: internetový prohlížeč, Adobe Acrobat Reader 
541 |c pv-cdr-r 
546 |a Část. anglický text 
648 7 |a 2001-2020  |7 ch460601  |2 czenas 
648 4 |a 2010-2011 
650 0 7 |a výzkum a vývoj  |7 ph472862  |z Česko  |y 2001-2020  |2 czenas 
650 0 7 |a výzkumné projekty  |7 ph127480  |z Česko  |y 2001-2020  |2 czenas 
650 0 7 |a vysoké školy  |7 ph116649  |z Česko  |2 czenas 
650 0 7 |a ekonomie  |7 ph114430  |2 czenas 
650 0 9 |a research and development  |z Czechia  |y 2001-2020  |2 eczenas 
650 0 9 |a research projects  |z Czechia  |y 2001-2020  |2 eczenas 
650 0 9 |a universities and colleges  |z Czechia  |2 eczenas 
650 0 9 |a economics  |2 eczenas 
655 7 |a výzkumné zprávy  |7 fd131869  |2 czenas 
655 7 |a sborníky  |7 fd163935  |2 czenas 
655 7 |a CD-ROM  |7 fd133955  |2 czenas 
655 9 |a research reports  |2 eczenas 
655 9 |a papers  |2 eczenas 
655 9 |a CD-ROM  |2 eczenas 
610 2 7 |a Vysoká škola finanční a správní  |7 mzk2003190512  |2 czenas 
651 7 |a Praha (Česko)  |7 ge118011  |2 czenas 
651 9 |a Prague (Czechia)  |2 eczenas 
710 2 |a Vysoká škola finanční a správní  |7 mzk2003190512 
910 |a BOA001  |b CDR-1284.699  |r 2010- 
952 |a e-xr-pg 
990 |a SE 
995 |a 01 
991 |b 201306 
996 3 |b 2610551457  |c CDR-1284.699  |d 2010-2011  |y 2010-2011  |l Stud. periodik/2.patro  |r Sklad / do 1 hodiny  |n 0  |p cdr-p.v.  |w 001338027  |u 000010  |a 1  |e BOA001  |j MZK50  |s N